My house in Damascus : (Record no. 28171)

MARC details
000 -LEADER
campo de control de longitud fija 01956cam a22003857i 4500
001 - NÚMERO DE CONTROL
campo de control 122867
005 - FECHA Y HORA DE LA ÚLTIMA TRANSACCIÓN
campo de control 20230410103914.0
008 - DATOS DE LONGITUD FIJA--INFORMACIÓN GENERAL
campo de control de longitud fija 140404s2014 enkb 000 0 eng d
035 ## - NÚMERO DE CONTROL DEL SISTEMA
Número de control de sistema 18277627
010 ## - NÚMERO DE CONTROL DE LA BIBLIOTECA DEL CONGRESO
Número de control de LC 2014431268
015 ## - NÚMERO DE BIBLIOGRAFÍA NACIONAL
Número de bibliografía nacional GBB409111
Fuente bnb
016 7# - NÚMERO DE CONTROL DE UNA AGENCIA BIBLIOGRÁFICA NACIONAL
Número de control del registro 016609528
Fuente Uk
020 ## - NÚMERO INTERNACIONAL ESTÁNDAR DEL LIBRO
Número Internacional Estándar del Libro 9781908323644 (pbk.)
020 ## - NÚMERO INTERNACIONAL ESTÁNDAR DEL LIBRO
Número Internacional Estándar del Libro 1908323647 (pbk.)
020 ## - NÚMERO INTERNACIONAL ESTÁNDAR DEL LIBRO
Número Internacional Estándar del Libro 9781908323651
020 ## - NÚMERO INTERNACIONAL ESTÁNDAR DEL LIBRO
Número Internacional Estándar del Libro 1908323655
035 ## - NÚMERO DE CONTROL DEL SISTEMA
Número de control de sistema (OCoLC)ocn869789480
042 ## - CÓDIGO DE AUTENTICACIÓN
Código de autenticación lccopycat
043 ## - CÓDIGO DE ÁREA GEOGRÁFICA
Código de área geográfica a-sy---
050 14 - SIGNATURA TOPOGRÁFICA DE LA BIBLIOTECA DEL CONGRESO
Número de clasificación 432 DS 98.6
Número de ítem D219m 2014
082 00 - NÚMERO DE LA CLASIFICACIÓN DECIMAL DEWEY
Número de clasificación 956.91042
100 1# - ENTRADA PRINCIPAL--NOMBRE DE PERSONA
Nombre de persona Darke, Diana.
245 10 - MENCIÓN DEL TÍTULO
Título My house in Damascus :
Resto del título an inside view of the Syrian Revolution /
Mención de responsabilidad, etc. Diana Darke.
260 ## - PUBLICACIÓN, DISTRIBUCIÓN, ETC.
Lugar de publicación, distribución, etc. London :
Nombre del editor, distribuidor, etc. Haus Publishing,
Fecha de publicación, distribución, etc. 2014.
300 ## - DESCRIPCIÓN FÍSICA
Extensión xiv, 254 p. :
Otras características físicas maps ;
Dimensiones 22 cm.
505 0# - NOTA DE CONTENIDO CON FORMATO
Nota de contenido con formato Machine generated contents note: 1. Worlds of Conflict and Harmony -- 2. Unescorted -- 3. Escorted -- 4. Nobody's Poodle -- 5. Into the Unknown -- 6. The Dead Auntie -- 7. Insurance Against Fate? -- 8. Revelations -- 9. Friends and Brides -- 10. The Donkey Between Two Carrots -- 11. The Law and Educational Corruption -- 12.Completion and the Caretaker -- 13. No Return -- 14. Monasteries and Desperation -- 15. Thugs and Tamerlane -- 16. The Triumph of Asabiyya -- 17. Future Imperfect and Perfect.
520 ## - RESUMEN, ETC.
Sumario, etc. How did Syria's revolution lose its way? 'My House in Damascus' illuminates the darker recesses not just of Syria's history and politics, but also of its society and secrets. Diana Dark's firsthand experience of Syria's many diverse communities explains why Syria was always a special case and why the Assad regime was never likely to collapse.
651 #0 - PUNTO DE ACCESO ADICIONAL DE MATERIA--NOMBRE GEOGRÁFICO
Nombre geográfico Syria
Subdivisión general History
Subdivisión cronológica Civil War, 2011-
651 #0 - PUNTO DE ACCESO ADICIONAL DE MATERIA--NOMBRE GEOGRÁFICO
Nombre geográfico Syria
Subdivisión general History
Subdivisión cronológica Civil War, 2011-
Subdivisión de forma Personal narratives.
600 10 - PUNTO DE ACCESO ADICIONAL DE MATERIA--NOMBRE DE PERSONA
Nombre de persona Darke, Diana.
925 0# -
-- acquire
-- 1 shelf copy
-- policy default
942 ## - ELEMENTOS DE ENTRADA SECUNDARIOS (KOHA)
Fuente del sistema de clasificación o colocación Clasificación de Library of Congress
Tipo de ítem Koha
923 ## -
-- purchase
-- 20140814
-- I-200006338
-- Coutts
946 ## - PROCESAMIENTO DE INFORMACIÓN LOCAL (OCLC)
a JaaM
Holdings
Estatus retirado Estado de pérdida Fuente del sistema de clasificación o colocación Estado de daño No para préstamo Colección Biblioteca de origen Biblioteca actual Ubicación en estantería Fecha de adquisición Serial enumeration / chronology Signatura topográfica completa Código de barras Visto por última vez Copia número Tipo de ítem Koha
    Clasificación de Library of Congress     Recursos Regionales Biblioteca Juan Bosch Biblioteca Juan Bosch Recursos Regionales (2do. Piso) 10/04/2023 1 432 DS 98.6 D219m 2014 00000116232 23/10/2018 1